Îles et archipels de A à Z - Statistiques

Statistiques générales
  • Ce quiz a été pris 13 658 fois
  • Le résultat moyen est 13 sur 24
Statistiques - réponses
Lettre Indice Réponse % Correct
C Fidel Castro y prend le pouvoir en 1959 Cuba
94%
F Archipel océanien dont le sport principal est le rugby Fidji
86%
W Avec Futuna, elle constitue une collectivité d'outre-mer française Wallis
77%
G Archipel connu pour ses tortues géantes, et aussi pour Charles Darwin Galápagos
75%
S L'île de l'Etna Sicile
74%
E Napoléon y est envoyé pour un exil... de courte durée Elbe
64%
O Le Fort Boyard lui fait face Oléron
64%
I Île majeure des baléares Ibiza
62%
J Île la plus peuplée au monde, sans doute grâce à Jakarta Java
62%
V Sur la côte pacifique du Canada, elle fait face à une ville ayant le même nom Vancouver
62%
T La plus grande île de Polynésie Tahiti
60%
B Seule île à être partagée entre trois pays différents (l'un d'eux est l'Indonésie) Bornéo
59%
L Du nom de cette île grecque découle le terme désignant des femmes homosexuelles Lesbos
58%
P Parfois surnommé le 51ème Etat américain Porto Rico
57%
Z S'est unifiée au Tanganyika en 1964 pour former la Tanzanie Zanzibar
54%
D Île tunisienne devenue destination touristique populaire Djerba
49%
H La plus au nord des principales îles japonaises ; sa préfecture est Sapporo Hokkaidō
47%
A Fait partie des îles ABC avec Bonaire et Curaçao Aruba
41%
M Au milieu du fleuve Saint-Laurent, au Québec Montréal
41%
K A l'extrême-sud de l'océan indien ; Nicolas Dupont-Aignan voudrait y construire un bagne Kerguelen
38%
Y Philippe Pétain fut incarcéré sur cette petite île au large de la Vendée Yeu
38%
N Plus grande île d'Océanie après l'Australie Nouvelle-Guinée
29%
R Avec la Réunion et Maurice, elles forment l'archipel des Mascareignes Rodrigues
11%
X Île chinoise portant le même nom que la ville qu'elle abrite Xiamen
8%
Aucun quiz correspondant
Distribution des résultats
% des personnes avec chaque résultat
Percentile par nombre de réponses
Votre historique - résultats
Vous n’avez pas pris ce quiz